000 00589nam a2200229Ia 4500
003 OSt
005 20220923211656.0
006 a|||||r|||| 00| 0
007 ta
008 Pun
024 _a42,278
037 _cTextual
040 _aARTS
_cARTS
_bPun
041 _2Pun
_aPun
082 _aO153,1M79,LK, J2
100 _aਕ੍ਰਿਪਾ ਸਾਗਰ
245 0 _aਲਖFਮੀ ਦੇਵੀ
260 _c1952
650 _aਪੰਜਾਬੀ ਸਾਹਿਤ
942 _hO153,1M79,LK, J2
_cTEXL
_2CC
999 _c302483
_d302483